000 00683nam a2200193Ia 4500
003 GCL
008 140319s9999 xx 000 0 ara d
040 _aGCL /
_cGCL
082 0 4 _a693.83
_bح ع
100 1 _aحسين محمد جمعة
245 1 0 _aالعزل الحديث :
_bعزل مياه - عزل كيماوى - عزل حرارة /
_cحسين محمد جمعة
300 _a306 ص ؛
_c28 سم
650 0 4 _aهندسة الانشاءات
650 0 4 _aالمبانى
650 0 4 _aالمبانى الحديدية
650 0 4 _aالمبانى الحديدية - عزل الحرارة
650 0 4 _aالمبانى الحديدية - عزل الصوت
942 _2ddc
_cBK
999 _c27894
_d27894